Jeux les plus joués - Mort Subite - Statistiques

Statistiques générales
  • Ce quiz a été pris 347 fois
  • Le résultat moyen est 3 sur 10
Answers on the Grid
Answers color-coded by a green-red scale on the quiz's grid according to % correct below.
Fortnite
Clash royale
Minecraft
Apex Legends
EA FC 2024
Rocket league
Warzone
PUBG : battlegrounds
Roblox
Clash of Clans
GTA 5
Far Cry 6
Red Dead Redemption II
League of Legends
Valorant
Brawl Stars
Assassin's Creed : Mirage
The Last of us
Uncharted 4
 
Statistiques - réponses
Réponse % Correct
Fortnite
92%
Minecraft
50%
GTA 5
31%
League of Legends
19%
Roblox
18%
EA FC 2024
17%
Valorant
15%
Warzone
13%
Apex Legends
9%
PUBG : battlegrounds
5%
Aucun quiz correspondant
Distribution des résultats
% des personnes avec chaque résultat
Percentile par nombre de réponses
Votre historique - résultats
Vous n’avez pas pris ce quiz